000 01873nam a2200397 i 4500
999 _c5258
_d5258
001 ocn1235819521
003 OCoLC
005 20250828155723.0
008 210531s2021 nyua j 6 000 1 eng d
020 _a9780062894564
040 _aKYC
_beng
_erda
_dORX
_dFM0
_dOCLCO
_dIK2
_dVAX
_dOEL
_dFMG
_dOCLCF
_dSDG
_dTCH
_dS#L
_dNZAUC
_dOCLCQ
_dVYG
_dNYP
_dCaOL
_cKH8
082 _aFIC LIB
100 1 _aLibenson, Terri,
_eauthor,
_eillustrator.
245 1 0 _aTruly Tyler /
_cTerri Libenson.
246 3 0 _aTyler.
264 1 _aNew York :
_bBalzer + Bray, an imprint of HarperCollins Publishers,
_c[2021]
264 1 _c©2021.
300 _a374 pages :
_bchiefly colour illustrations ;
_c21 cm.
336 _atext
_2rdacontent.
336 _astill image
_2rdacontent.
337 _aunmediated
_2rdamedia.
338 _avolume
_2rdacarrier.
520 _a"A story about being your truest self--and trusting your truest friends. Cliques. Crushes. Comics. Middle school. Ever since Tyler started getting into art and hanging out with Emmie, his friends and teammates have been giving him a hard time. He wonders why can't he nerd out on drawing and play ball? Emmie is psyched that she gets to work on a comics project with her crush, Tyler. But she gets the feeling that his friends don't think she's cool enough. Maybe it's time for a total reinvention..."--Provided by publisher.
650 0 _aBoys
_vJuvenile fiction.
650 0 _aGirls
_vJuvenile fiction.
650 0 _aInfatuation
_vJuvenile fiction.
650 0 _aMiddle schools
_vJuvenile fiction.
650 0 _aSchools
_vJuvenile fiction.
650 0 _aFriendship
_vJuvenile fiction.
650 0 _aSelf-realization
_vJuvenile fiction.
650 0 _aDrawing
_vJuvenile fiction.
650 0 _aIdentity (Psychology)
_vJuvenile fiction.
650 0 _aGraphic novels.
_2genre.
830 0 _aEmmie & friends.
942 _2ddc
_cGN